00682 2200241 4500001002100000005001700021008004100038020002200079035002500101040001200126082001000138084002000148090002000168100001900188245007700207250001100284260002700295300003600322500002700358650003000385700001300415850001200428INLIS00000000000218220150304120855.0  a978-979-29-4260-6 a0010-021500000000447 aYOPDYOG a507.6 aDEP 507.6 Agu C aDEP 507.6 Agu C aAGUS KAMALUDIN aCara cespleng pintar IPA SD kelas 4,5,6c/ Agus Kamaludin ; editor, Maya aCet. 1 aYogyakartabAndic2014 avi, 237 hlm.b: ilus.c; 19 cm. aBibliografi : hlm. 232 aSains - Ujian, Soal, dsb. aII. Maya aYOPDYOG